000 01870nam a2200529 i 4500
001 46556
003 KOSZ 005
005 20200730100843.0
008 050914s2005 pl a f f |000 0 pol
015 _aUWD 2005/20181
020 _a8302091529
035 _a991028486529705066
035 _a(PL-WaBN)b17709337-48omnis_nlop
035 _ab17709337
035 _a(OCoLC)69472417
035 _a(PL)b0000001770933
035 _a(EXLNZ-48OMNIS_NETWORK)9910400053805606
040 _aWA N
_cWA N
_dKOSZ 005/HR
046 _k2005
080 _a613.2
080 _a577.1
080 _a(075.3.053.7)
100 1 _aCzerwińska, Dorota
_eAutor
245 1 0 _aPodstawy żywienia człowieka /
_cDorota Czerwińska, Edyta Gulińska.
260 _aWarszawa :
_bWydawnictwa Szkolne i Pedagogiczne,
_ccop. 2005.
300 _a192 s. :
_brys., wykr. ;
_c24 cm.
336 _aTekst
_btxt
_2rdacontent
337 _aBez urządzenia pośredniczącego
_bn
_2rdamedia
338 _aWolumin
_bnc
_2rdacarrier
380 _aKsiążki
380 _aPublikacje dydaktyczne
385 _mPoziom nauczania
_aSzkoły wyższe
388 _a2001-
490 1 _aKucharz Małej Gastronomii
504 _aBibliogr. s. 191-192.
521 8 _aDla uczniów zasadniczych szkół zawodowych do nauki podstawy żywienia człowieka w zawodzie kucharz małej gastronomii.
650 7 _aZdrowe odżywianie
_2DBN
650 7 _aŻywność
_2DBN
650 7 _aBiochemia
655 7 _aPodręczniki dla szkół zawodowych
_2DBN
700 1 _aGulińska, Edyta
_eAutor
710 2 _aWydawnictwa Szkolne i Pedagogiczne
_4pbl
830 0 _aKucharz Małej Gastronomii
856 _uhttp://koha.tu.koszalin.pl/cgi-bin/koha/opac-detail.pl?biblionumber=46556
_yKatalogonline BPK
942 _2UKD
_cKS
999 _c46556
_d46556